Jebel Hafit : a natural history /

محفوظ في:

مؤلفون آخرون: Hellyer, Peter., Aspinall, Simon.

التنسيق: كتاب

اللغة: English

منشور في: Abu Dhabi, UAE : Emirates Natural History Group, c2004.

الموضوعات:

الوسوم: إضافة وسم

لا توجد وسوم, كن أول من يضع وسما على هذه التسجيلة!

رقم الطلب: ( F )QH21 .U5 J43 2004

LEADER 01127cam a2200301Ma 4500
001 on1103845104
003 OSt
005 20241104054420.0
008 050220s2004 ts ab b 000 0 eng d
999 |c 55738  |d 55738 
020 |a 9948031431 
020 |a 9789948031437 
040 |c ARCE Library 
043 |a a-ts--- 
050 4 |a ( F )QH21 .U5 J43 2004 
245 0 0 |a Jebel Hafit :   |b a natural history /   |c edited by Simon Aspinall & Peter Hellyer. 
264 1 |a Abu Dhabi, UAE :   |b Emirates Natural History Group,   |c c2004. 
300 |a 220 pages :   |b chiefly col. ill., maps ;   |c 32 cm. 
504 |a Includes bibliographical references. 
650 0 |a Natural history  |z United Arab Emirates  |z Abu Zaby. 
650 0 |a Natural history  |z Jebel Hafit (United Arab Emirates) 
650 0 |a Natural history  |z United Arab Emirates. 
651 0 |a Jebel Hafit (United Arab Emirates) 
700 1 |a Hellyer, Peter. 
700 1 |a Aspinall, Simon. 
758 |i has work:  |a Jebel Hafit (Text)  |1 https://id.oclc.org/worldcat/entity/E39PCYTQRH7Jf7JpcTqPHwC4v3  |4 https://id.oclc.org/worldcat/ontology/hasWork 
901 |a reviewed 
942 |2 lcc  |c BK